000 00488nam a2200181Ia 4500
003 OSt
005 20250219153119.0
008 210210b1941 xxu||||| |||| 00| 0 eng d
040 _cAL
041 _akan
082 _a859/951
100 _aNAGARAJA RAV (C K)
_9145583
_dನಾಗರಾಜ ರಾವ್ (ಸಿ ಕೆ ).
245 _aNayi kode:
_bನಾಯಿ ಕೊಡೆ
260 _aBengaluru
_b-
_c1941
690 _aKannada Fiction
_9145584
906 _a021701
942 _2ddc
_cBK
999 _c145797
_d145797